000 006350000a22001690004500
090 _aAR
_b01630
245 1 0 _aDiversidad y distribución de los coleópteros coprófagos (<Scarabaeidea: Scarabaeinae>) en bosques de montaña en Colombia
650 1 4 _aPatrones de diversidad
_993920
650 1 4 _aDistribución de insectos
_995027
650 1 4 _aBosques de montaña
_995028
651 4 _lCordillera de Los Andes
_pColombia
_992749
653 _fScarabaeinae
041 0 _aEspañol
100 1 _aEscobar Sarria, Federico
_93531
942 _cARTICULO
773 1 _tMemorias III Reunión Latinoamericana de Escarabeidología
_377
_q56-58
_d1997
999 _c10710
_d10710